000 00613nam a2200241Ia 4500
003 OSt
005 20220918180913.0
006 a|||||r|||| 00| 0
007 ta
008 220917b |||||||| |||| 00| 0 eng d
024 _a24,698
037 _cTextual
040 _aARTS
_cARTS
_beng
041 _2eng
_aeng
082 _aO:9P, L3
100 _aSegre Cesaro
_957398
245 0 _aSemotics and literary criticism
260 _aThe
_bHague Mouton
_c1973
300 _a196p.
_ccm.
650 _aENGLISH LITERATURE
942 _hO:9P, L3
_cTEXL
_2CC
999 _c163648
_d163648